<?xml version="1.0" encoding="UTF-8"?>
<record
    xmlns:xsi="http://www.w3.org/2001/XMLSchema-instance"
    xsi:schemaLocation="http://www.loc.gov/MARC21/slim http://www.loc.gov/standards/marcxml/schema/MARC21slim.xsd"
    xmlns="http://www.loc.gov/MARC21/slim">

  <leader>00803nam a22002297a 4500</leader>
  <controlfield tag="001">86057</controlfield>
  <controlfield tag="003">BD-RjUL</controlfield>
  <controlfield tag="005">20260104111559.0</controlfield>
  <controlfield tag="008">260104s1956    us a|||| i||| 00| 0 eng d</controlfield>
  <datafield tag="035" ind1=" " ind2=" ">
    <subfield code="a">(BD-RjUL)86057</subfield>
  </datafield>
  <datafield tag="040" ind1=" " ind2=" ">
    <subfield code="a">BD-RjUL</subfield>
    <subfield code="b">eng</subfield>
    <subfield code="c">BD-RjUL</subfield>
    <subfield code="d">DLC</subfield>
    <subfield code="e">DLC</subfield>
  </datafield>
  <datafield tag="041" ind1=" " ind2=" ">
    <subfield code="a">eng</subfield>
  </datafield>
  <datafield tag="082" ind1=" " ind2=" ">
    <subfield code="2">23</subfield>
    <subfield code="a">635.03</subfield>
    <subfield code="b">DIC 1956</subfield>
  </datafield>
  <datafield tag="245" ind1=" " ind2=" ">
    <subfield code="a">Dictionary of Gardening</subfield>
    <subfield code="c">Edited by, J. Chittenden</subfield>
    <subfield code="n">Second Edition, M. Synge. M. A.</subfield>
  </datafield>
  <datafield tag="260" ind1=" " ind2=" ">
    <subfield code="a">London</subfield>
    <subfield code="b">Oxford at the Clarendon Press</subfield>
    <subfield code="c">1956</subfield>
  </datafield>
  <datafield tag="300" ind1=" " ind2=" ">
    <subfield code="a">2316 page, </subfield>
    <subfield code="b">ill,</subfield>
    <subfield code="c">32 cm. </subfield>
  </datafield>
  <datafield tag="336" ind1=" " ind2=" ">
    <subfield code="2">A Practical andScientific Encyclopaedia of Horticulture,</subfield>
    <subfield code="a">Oxford at the Clarendon Press</subfield>
  </datafield>
  <datafield tag="505" ind1=" " ind2=" ">
    <subfield code="a">Formatted note, Volume-4, 5, 6, 7, 8, 9, 3, 2, 1</subfield>
  </datafield>
  <datafield tag="650" ind1=" " ind2=" ">
    <subfield code="a">Dictionary</subfield>
    <subfield code="v">Encyclopaedia</subfield>
    <subfield code="9">17542</subfield>
  </datafield>
  <datafield tag="700" ind1=" " ind2=" ">
    <subfield code="a">Chittenden, J. Edited by</subfield>
    <subfield code="9">17543</subfield>
  </datafield>
  <datafield tag="942" ind1=" " ind2=" ">
    <subfield code="2">ddc</subfield>
    <subfield code="c">BK</subfield>
  </datafield>
  <datafield tag="999" ind1=" " ind2=" ">
    <subfield code="c">86057</subfield>
    <subfield code="d">86057</subfield>
  </datafield>
  <datafield tag="952" ind1=" " ind2=" ">
    <subfield code="0">0</subfield>
    <subfield code="1">0</subfield>
    <subfield code="2">ddc</subfield>
    <subfield code="4">0</subfield>
    <subfield code="7">1</subfield>
    <subfield code="a">RUCL</subfield>
    <subfield code="b">RUCL</subfield>
    <subfield code="c">REF</subfield>
    <subfield code="d">1963-12-09</subfield>
    <subfield code="e">Paramount</subfield>
    <subfield code="l">0</subfield>
    <subfield code="o">R 635.03 DIC 1956 V-4</subfield>
    <subfield code="r">2026-01-04 00:00:00</subfield>
    <subfield code="t">C-1</subfield>
    <subfield code="w">2026-01-04</subfield>
    <subfield code="y">BK</subfield>
  </datafield>
  <datafield tag="952" ind1=" " ind2=" ">
    <subfield code="0">0</subfield>
    <subfield code="1">0</subfield>
    <subfield code="2">ddc</subfield>
    <subfield code="4">0</subfield>
    <subfield code="7">1</subfield>
    <subfield code="a">RUCL</subfield>
    <subfield code="b">RUCL</subfield>
    <subfield code="c">REF</subfield>
    <subfield code="d">1963-09-12</subfield>
    <subfield code="e">Paramount</subfield>
    <subfield code="l">0</subfield>
    <subfield code="o">R 635.03 DIC 1956</subfield>
    <subfield code="r">2026-01-04 00:00:00</subfield>
    <subfield code="t">C-2</subfield>
    <subfield code="w">2026-01-04</subfield>
    <subfield code="y">BK</subfield>
  </datafield>
  <datafield tag="952" ind1=" " ind2=" ">
    <subfield code="0">0</subfield>
    <subfield code="1">0</subfield>
    <subfield code="2">ddc</subfield>
    <subfield code="4">0</subfield>
    <subfield code="7">1</subfield>
    <subfield code="a">RUCL</subfield>
    <subfield code="b">RUCL</subfield>
    <subfield code="c">REF</subfield>
    <subfield code="d">1963-09-12</subfield>
    <subfield code="e">Paramount</subfield>
    <subfield code="l">0</subfield>
    <subfield code="o">R 635.03 DIC 1956</subfield>
    <subfield code="r">2026-01-04 00:00:00</subfield>
    <subfield code="t">C-1</subfield>
    <subfield code="w">2026-01-04</subfield>
    <subfield code="y">BK</subfield>
  </datafield>
  <datafield tag="952" ind1=" " ind2=" ">
    <subfield code="0">0</subfield>
    <subfield code="1">0</subfield>
    <subfield code="2">ddc</subfield>
    <subfield code="4">0</subfield>
    <subfield code="7">1</subfield>
    <subfield code="a">RUCL</subfield>
    <subfield code="b">RUCL</subfield>
    <subfield code="c">REF</subfield>
    <subfield code="d">1963-09-12</subfield>
    <subfield code="e">Paramount</subfield>
    <subfield code="l">0</subfield>
    <subfield code="o">R 635.03 DIC 1956 V-4</subfield>
    <subfield code="r">2026-01-04 00:00:00</subfield>
    <subfield code="t">C-2</subfield>
    <subfield code="w">2026-01-04</subfield>
    <subfield code="y">BK</subfield>
  </datafield>
  <datafield tag="952" ind1=" " ind2=" ">
    <subfield code="0">0</subfield>
    <subfield code="1">0</subfield>
    <subfield code="2">ddc</subfield>
    <subfield code="4">0</subfield>
    <subfield code="7">1</subfield>
    <subfield code="a">RUCL</subfield>
    <subfield code="b">RUCL</subfield>
    <subfield code="c">REF</subfield>
    <subfield code="d">1965-01-02</subfield>
    <subfield code="e">Paramount</subfield>
    <subfield code="l">0</subfield>
    <subfield code="o">R 635.03 DIC 1956 V-3</subfield>
    <subfield code="r">2026-01-04 00:00:00</subfield>
    <subfield code="t">C-2</subfield>
    <subfield code="w">2026-01-04</subfield>
    <subfield code="y">BK</subfield>
  </datafield>
  <datafield tag="952" ind1=" " ind2=" ">
    <subfield code="0">0</subfield>
    <subfield code="1">0</subfield>
    <subfield code="2">ddc</subfield>
    <subfield code="4">0</subfield>
    <subfield code="7">1</subfield>
    <subfield code="a">RUCL</subfield>
    <subfield code="b">RUCL</subfield>
    <subfield code="c">REF</subfield>
    <subfield code="d">1963-09-12</subfield>
    <subfield code="e">Paramount</subfield>
    <subfield code="l">0</subfield>
    <subfield code="o">R 635.03 DIC 1956 V-3</subfield>
    <subfield code="r">2026-01-04 00:00:00</subfield>
    <subfield code="t">C-1</subfield>
    <subfield code="w">2026-01-04</subfield>
    <subfield code="y">BK</subfield>
  </datafield>
  <datafield tag="952" ind1=" " ind2=" ">
    <subfield code="0">0</subfield>
    <subfield code="1">0</subfield>
    <subfield code="2">ddc</subfield>
    <subfield code="4">0</subfield>
    <subfield code="7">1</subfield>
    <subfield code="a">RUCL</subfield>
    <subfield code="b">RUCL</subfield>
    <subfield code="c">REF</subfield>
    <subfield code="d">1965-01-02</subfield>
    <subfield code="e">Paramount</subfield>
    <subfield code="l">0</subfield>
    <subfield code="o">R 635.03 DIC 1956 </subfield>
    <subfield code="r">2026-01-04 00:00:00</subfield>
    <subfield code="t">C-2</subfield>
    <subfield code="w">2026-01-04</subfield>
    <subfield code="y">BK</subfield>
  </datafield>
  <datafield tag="952" ind1=" " ind2=" ">
    <subfield code="0">0</subfield>
    <subfield code="1">0</subfield>
    <subfield code="2">ddc</subfield>
    <subfield code="4">0</subfield>
    <subfield code="7">1</subfield>
    <subfield code="a">RUCL</subfield>
    <subfield code="b">RUCL</subfield>
    <subfield code="c">REF</subfield>
    <subfield code="d">1963-09-12</subfield>
    <subfield code="e">Paramount</subfield>
    <subfield code="l">0</subfield>
    <subfield code="o">R 635.03 DIC 1956 V-2</subfield>
    <subfield code="r">2026-01-04 00:00:00</subfield>
    <subfield code="t">C-1</subfield>
    <subfield code="w">2026-01-04</subfield>
    <subfield code="y">BK</subfield>
  </datafield>
  <datafield tag="952" ind1=" " ind2=" ">
    <subfield code="0">0</subfield>
    <subfield code="1">0</subfield>
    <subfield code="2">ddc</subfield>
    <subfield code="4">0</subfield>
    <subfield code="7">1</subfield>
    <subfield code="a">RUCL</subfield>
    <subfield code="b">RUCL</subfield>
    <subfield code="c">REF</subfield>
    <subfield code="d">1965-01-02</subfield>
    <subfield code="e">Paramount</subfield>
    <subfield code="l">0</subfield>
    <subfield code="o">R 635.03 DIC 1956</subfield>
    <subfield code="r">2026-01-04 00:00:00</subfield>
    <subfield code="t">C-2</subfield>
    <subfield code="w">2026-01-04</subfield>
    <subfield code="y">BK</subfield>
  </datafield>
  <datafield tag="952" ind1=" " ind2=" ">
    <subfield code="0">0</subfield>
    <subfield code="1">0</subfield>
    <subfield code="2">ddc</subfield>
    <subfield code="4">0</subfield>
    <subfield code="7">1</subfield>
    <subfield code="a">RUCL</subfield>
    <subfield code="b">RUCL</subfield>
    <subfield code="c">REF</subfield>
    <subfield code="d">1963-09-12</subfield>
    <subfield code="e">Paramount</subfield>
    <subfield code="l">0</subfield>
    <subfield code="o">R 635.03 DIC 1956 V-1</subfield>
    <subfield code="r">2026-01-04 00:00:00</subfield>
    <subfield code="t">C-1</subfield>
    <subfield code="w">2026-01-04</subfield>
    <subfield code="y">BK</subfield>
  </datafield>
</record>
